000 00351nam a2200157Ia 4500
003 0STCL
008 150530s9999 xx 000 0 und d
040 _aSTCL
_cSTCL
100 _aCreg, W.W.
245 _aPastoral poetry and pastoral drama
260 _c1906
546 _aEnglish
942 _2ddc
_cBK
999 _c51535
_d51535
005 20220125170843.0